Никита Сергеевич Хрущев : (Record no. 77027)
[ view plain ]
| 000 -LEADER | |
|---|---|
| fixed length control field | 01134nam a22002417a 4500 |
| 003 - CONTROL NUMBER IDENTIFIER | |
| control field | SEM |
| 005 - DATE AND TIME OF LATEST TRANSACTION | |
| control field | 20251029112339.0 |
| 008 - FIXED-LENGTH DATA ELEMENTS--GENERAL INFORMATION | |
| fixed length control field | 251003s1989 ru ||||gr||||||01|||rus|d |
| 020 ## - INTERNATIONAL STANDARD BOOK NUMBER | |
| International Standard Book Number | 5250006663 |
| 040 ## - CATALOGING SOURCE | |
| Original cataloging agency | SEM |
| Transcribing agency | SEM |
| 041 ## - LANGUAGE CODE | |
| Language code of text/sound track or separate title | rus |
| 080 ## - UNIVERSAL DECIMAL CLASSIFICATION NUMBER | |
| Universal Decimal Classification number | 92։947/Х-95 |
| 245 ## - TITLE STATEMENT | |
| Title | Никита Сергеевич Хрущев : |
| Remainder of title | Материалы к биографии / |
| Statement of responsibility, etc. | Сост.։ Ю. В. Аксютин ; Ред.։ Н. Б. Чунакова |
| 260 ## - PUBLICATION, DISTRIBUTION, ETC. | |
| Place of publication, distribution, etc. | Москва : |
| Name of publisher, distributor, etc. | Изд. Политической летературы, |
| Date of publication, distribution, etc. | 1989․ |
| 300 ## - PHYSICAL DESCRIPTION | |
| Extent | 367 с. ; |
| Other physical details | илл. ; |
| Dimensions | 21 см |
| 600 ## - SUBJECT ADDED ENTRY--PERSONAL NAME | |
| Personal name | Хрущев, Никита Сергеевич |
| Titles and other words associated with a name | Государственный, политический и партийный деятель СССР |
| Dates associated with a name | (1894-1971) |
| 650 ## - SUBJECT ADDED ENTRY--TOPICAL TERM | |
| Topical term or geographic name entry element | Государственные и политические деятели СССР |
| General subdivision | Биографические материалы |
| 650 ## - SUBJECT ADDED ENTRY--TOPICAL TERM | |
| Topical term or geographic name entry element | СССР |
| General subdivision | История |
| 653 ## - INDEX TERM--UNCONTROLLED | |
| Uncontrolled term | ՍԷՄ |
| 700 ## - ADDED ENTRY--PERSONAL NAME | |
| Personal name | Аксютин, Юрий Васильевич |
| Relator term | сост. |
| Relationship | comp. |
| 700 ## - ADDED ENTRY--PERSONAL NAME | |
| Personal name | Чунакова, Н. Б. |
| Relator term | ред. |
| Relationship | edt. |
| 942 ## - ADDED ENTRY ELEMENTS (KOHA) | |
| Source of classification or shelving scheme | Universal Decimal Classification |
| Koha item type | Գրքեր/Books |
| Suppress in OPAC | No |
| Withdrawn status | Lost status | Source of classification or shelving scheme | Damaged status | Not for loan | Collection code | Home library | Current library | Date acquired | Cost, normal purchase price | Inventory number | Total Checkouts | Full call number | Barcode | Date last seen | Price effective from | Koha item type | Public note |
|---|---|---|---|---|---|---|---|---|---|---|---|---|---|---|---|---|---|
| Universal Decimal Classification | Գրապահոց | Մայր Աթոռ Սուրբ Էջմիածին «Վաչե և Թամար Մանուկյան» Մատենադարան | Մայր Աթոռ Սուրբ Էջմիածին «Վաչե և Թամար Մանուկյան» Մատենադարան | 03/10/2025 | 2000.00 | Рус-10934 | 92։947/Х-95 | Рус-10934 | 03/10/2025 | 03/10/2025 | Գրքեր/Books | Սպասարկվում է ընթերցասրահ |